Countries and US States starting with N - Statistics

General Stats
  • This quiz has been taken 40 times
  • The average score is 16 of 18
Answer Stats
Hint Country % Correct
Country Niger
97%
Country Nigeria
97%
US State Nebraska
94%
US State Nevada
94%
US State New Hampshire
94%
US State New Jersey
94%
US State New York
94%
US State New Mexico
92%
Country New Zealand
92%
US State North Dakota
92%
Country North Korea
92%
Country Namibia
89%
Country Nicaragua
89%
US State North Carolina
89%
Country Netherlands
83%
Country Nepal
81%
Country Norway
81%
Country Nauru
78%
No matching quizzes found
Score Distribution
Percent of People with Each Score
Percentile by Number Answered
Your Score History
You have not taken this quiz